Statistics for Video Game Antagonists By Picture

Click here to take the quiz!

General Stats

  • This quiz has been taken 18 times
  • The average score is 7 of 16

Answer Stats

Answer% Correct
Bowser
100%
Darth Vader
100%
Joker
94%
Venom
88%
Superman
82%
Dr EggMan
76%
Dutch Van Der Linde
35%
Odin
35%
Micah Bell
29%
Vaas Montenegro
24%
Bode Akuna
18%
Cesare Borgia
18%
Darth Malak
18%
Charles lee
12%
Khotun Khan
0%
Rafe Adler
0%

Score Distribution

Percentile by Number Answered

Percent of People with Each Score

Your Score History

You have not taken this quiz